| 000 | 01064nam a22002537a 4500 | ||
|---|---|---|---|
| 001 | 47469 | ||
| 003 | BD-RjUL | ||
| 005 | 20211209054324.0 | ||
| 008 | 160808s2003 bg a 000 0 be d | ||
| 020 | _cTK.130.00 | ||
| 035 | _a(BD-RjUL)47588 | ||
| 040 |
_aBD-RjUL _bben _dBD-RjUL _cBD-RjUL |
||
| 041 | _aben | ||
| 082 | 0 | 4 |
_223 _a544.92 _bPAC 2003 |
| 100 | 1 |
_aপাল, সুভাষ চন্দ্র _9664 |
|
| 245 | 1 |
_aক্রোমাটোগ্রাফী পরিচয় = (An Introduction to Chromatography) / _cসুভাষ চন্দ্র পাল |
|
| 250 | _a২য়. সং. (সং. ও পরি.) | ||
| 260 |
_aঢাকা : _bনূর পাবলিকেশন্স, _c2003 |
||
| 300 |
_a[১৫], ৩০০ পৃ.: _bচিত্র ; _c২৪ সেমি. |
||
| 504 | _aগ্রন্থপঞ্জি ও নির্ঘন্ট সংযোজিত. | ||
| 650 | 7 |
_aক্রোমাটোগ্রাফিক বিশ্লেষণ _9710 |
|
| 650 | 7 |
_aChromatographic analysis. _9111836 |
|
| 942 |
_2ddc _cBK |
||
| 999 |
_c47469 _d47469 |
||